000 00208nam a22000857a 4500
008 170622b xxu||||| |||| 00| 0 eng d
100 _93641
_aGoel. A
245 _aScience MCQ - X
260 _aNew Delhi
_bRachna
_c2009
999 _c7035
_d7035